000 00268nam a2200109Ia 4500
008 191201s2019 xx 000 0 und d
100 _aBRADY, P R
245 0 _aFinishing and Wool Fabric Properties
260 _aN.Delhi
_bCSIRO
650 _aB.Tech(TE)
942 _2ddc
_cBK
999 _c3397
_d3397